000 00259nam a22001097a 4500
008 170126b xxu||||| |||| 00| 0 eng d
020 _a9781605475349
041 _aeng
080 _a61
245 _aLEARNING TO CODE WITH ICD-9-CM
_cFALEN, TH.J
942 _2udc
_cBK
999 _c3714
_d3714